2019-2020 Detroit Lions Current Roster - Statistics

General Stats
  • This quiz has been taken 150 times
  • The average score is 14 of 39
Answer Stats
Hint Answer % Correct
QB Matthew Stafford
99%
WR Kenny Golladay
80%
WR Marvin Jones Jr.
79%
TE TJ Hockenson
76%
RB Kerryon Johnson
72%
WR Andy Jones
71%
LB Christian Jones
71%
CB Darius Slay
64%
K Matt Prater
59%
Coach Matt Patricia
54%
OL Frank Ragnow
53%
OL Taylor Decker
49%
WR Danny Amendola
44%
LB Jarrad Davis
44%
TE Jesse James
40%
DE Trey Flowers
36%
P Sam Martin
34%
DT Damon Harrison
33%
KR Jamal Agnew
33%
FS Tracy Walker
30%
OL Graham Glasgow
28%
DE Romeo Okwara
26%
SS Quandre Diggs
24%
CB Justin Coleman
20%
DT A'Shawn Robinson
18%
LB Devon Kennard
17%
LS Don Muhlbach
15%
RB CJ Anderson
14%
CB Rashaan Melvin
14%
OL Rick Wagner
14%
RB Zach Zenner
12%
LB Jalen Reeves-Maybin
11%
QB Tom Savage
11%
TE Isaac Nauta
6%
OL Kenny Wiggins
6%
CB Amani Oruwariye
5%
QB Connor Cook
2%
WR Brandon Powell
1%
WR Tommylee Lewis
0%
No matching quizzes found
Score Distribution
Percent of People with Each Score
Percentile by Number Answered
Your Score History
You have not taken this quiz